000 00480nam a2200169 i 4500
001 71647
003 ES-MaACL
005 20230906171204.0
007 t|
008 040813s1839 fr ||||1| fre d
100 1 _aGerando, Joseph-Marie
_cBarón de.
_956399
245 1 0 _aCours normal des instituteurs primaires /
_cBaron de Gerando.
250 _a3éme ed.
260 _aParís :
_b[s.n.,
_c1839] (
_fRenouard)
300 _aVIII, 329 p. ;
_c17 cm.
852 _aES-MaACL
_jD-445
999 _c71647
_d71647